000 00498nam a22001937a 4500
003 MPLRDC
005 20220104185826.0
008 210129b ||||| |||| 00| 0 eng d
020 _a986-175-189-4
082 _a177.2 HAR
100 _aPAUL HARRINGTON
245 _a秘密青少年版
_c谢明宪译
250 _a初版八刷
260 _a台湾
_b方智出版社股份有限公司
_c2010
300 _b
490 _a方智丛书. 192
650 _a成功法
942 _cBK
_o177.2 HAR
999 _c63504
_d63494